| 000 | 00570nam a22002057a 4500 | ||
|---|---|---|---|
| 001 | 00028961 | ||
| 005 | 20260430135508.0 | ||
| 008 | 260430b ag ||||| |||| 00| 0 spa d | ||
| 020 | _a9789870702924 | ||
| 040 |
_bspa _cAR-CcCEOS |
||
| 080 | _a820-3(73)=60=20 | ||
| 090 | _bHEN14 | ||
| 100 | 1 |
_aHenry, O., _d1862-1910 _9349 |
|
| 245 |
_aThe Ransom of Red Chief : _bEl rescate del Jefe Rojo / _cO. Henry |
||
| 250 | _a1ª ed. | ||
| 260 |
_aBuenos Aires : _bArte Gráfico, _c2008. |
||
| 300 |
_a64 p. ; _c20x13 cm. |
||
| 650 | 0 | _aliteratura inglesa | |
| 942 |
_2udc _cBK |
||
| 999 |
_c29014 _d29014 |
||
| 945 |
_a66467 _bMelina Rolando _c66467 _dMelina Rolando |
||